Представление документа в формате RUSMARC

ПолеНазваниеЗначение
  Тип записи a
  Библиографический уровень a
001 Контрольный номер UONB/MAIN/9d4c5b9ff37c43fa9c0dbf515b3646c8
005 Дата корректировки 20260415130543.6
100 Данные общей обработки __
a Данные общей обработки 20260415 ||| 0rusy0189 ca
101 Язык документа 0_
a Язык текста rus
102 Страна публикации __
a Страна публикации RU
200 Заглавие и сведения об ответственности 1_
a Заглавие Душа, молчи!..
e Сведения, относящиеся к заглавию стихи
f Первые сведения об ответственности Ирбе Саша
203 Вид содержания и тип средства __
a Вид содержания Текст
c Тип средства непосредственный
225 Серия 1_
a Серия Проза и поэзия
327 Примечание о содержании 01
a Примечание о содержании Опять не с теми и не с тем...
a Примечание о содержании Живу... Все шиворот-навыворот...
a Примечание о содержании Случайное...
a Примечание о содержании Он живет, потому что она жива...
a Примечание о содержании От мамы осталась иконка...
a Примечание о содержании Поцеловал в макушку, как ребенка...
a Примечание о содержании Вернуться в дом, в котором все не так...
330 Аннотация __
a Аннотация Саша Ирбе (Елена Леонидовна Лыхина) родилась в Кирове. Поэт, экспериментальный режиссер, прозаик, лектор. Окончила Кировский колледж культуры (режиссура) и Литературный институт имени А.М. Горького
461 Уровень набора _0
1 2000
a Москва
1 011
a 0131-2332
463 Уровень физической единицы _0
1 2000
a № 3
v С. 41-46
1 2101
d 2026
1 001UONB/MAIN/be4d8960933542609546a630b5db2276
517 Другие варианты заглавия 1_
a Другие варианты заглавия Опять не с теми и не с тем...
517 Другие варианты заглавия 1_
a Другие варианты заглавия Живу... Все шиворот-навыворот...
517 Другие варианты заглавия 1_
a Другие варианты заглавия Случайное...
517 Другие варианты заглавия 1_
a Другие варианты заглавия Он живет, потому что она жива...
517 Другие варианты заглавия 1_
a Другие варианты заглавия От мамы осталась иконка...
517 Другие варианты заглавия 1_
a Другие варианты заглавия Поцеловал в макушку, как ребенка...
517 Другие варианты заглавия 1_
a Другие варианты заглавия Вернуться в дом, в котором все не так...
606 Тематические рубрики 0_
a Основная рубрика Художественная литература
606 Тематические рубрики 0_
a Основная рубрика Современная русская литература (произведения)
610 Ключевые слова 0_
a Ключевые слова стихи
610 Ключевые слова 0_
a Ключевые слова тема скоротечности жизни
610 Ключевые слова 0_
a Ключевые слова тема благодарности
610 Ключевые слова 0_
a Ключевые слова тема воспоминаний о маме
610 Ключевые слова 0_
a Ключевые слова тема воспоминаний о детстве
610 Ключевые слова 0_
a Ключевые слова тема прошлого и настоящего
686 Индексы других классификаций __
2 Код системы rubbk
700 Автор _0
a Фамилия Саша Ирбе
4 Код отношения 070
c Титул (звания) Лыхина Е. Л.
801 Источник записи _0
a Страна RU
b Организация Ульяновская ОНБ
c Дата составления 20260415
g Правила каталогизации RCR
801 Источник записи _1
a Страна RU
b Организация Ульяновская ОНБ
c Дата составления 20250415
g Правила каталогизации RCR
901 Тип документа __
t Тип документа b
w Контрольный № источника UONB/MAIN/be4d8960933542609546a630b5db2276